| 000 | 00482nam a2200181Ia 4500 | ||
|---|---|---|---|
| 008 | 240925s9999 xx 000 0 und d | ||
| 020 | _aNA | ||
| 082 | _a005.133 ANS | ||
| 100 | _aAnsari , M. Irfan | ||
| 245 | 0 | _aJava With Introduction to Internet | |
| 250 | _aNA | ||
| 260 |
_aIndia: _bAnsari publishers _c,1998. |
||
| 300 |
_axviii,317p. _bNA _fOriginal |
||
| 500 | _aNA | ||
| 600 | _aComputer Science | ||
| 650 | _aComputer science, information & general works | ||
| 942 | _cBK | ||
| 999 |
_c4321 _d4321 |
||